USA 40K Cities on a Map: Illinois - Statistics

General Stats
  • This quiz has been taken 8 times
  • The average score is 24 of 40
Answers on the Map
Answers color-coded by a green-red scale on the quiz's map according to % correct below.
 
Answer Stats
Answer % Correct
Chicago
100%
Joliet
100%
Naperville
100%
Peoria
100%
Rockford
100%
Bloomington
86%
Champaign
86%
Springfield
86%
Belleville
71%
Bolingbrook
71%
Cicero
71%
Evanston
71%
Normal
71%
Oak Lawn
71%
Oak Park
71%
Schaumburg
71%
Skokie
71%
Arlington Heights
57%
Aurora
57%
Berwyn
57%
Des Plaines
57%
Elgin
57%
Lombard
57%
Mount Prospect
57%
Waukegan
57%
Wheaton
57%
Decatur
43%
Downers Grove
43%
Elmhurst
43%
Orland Park
43%
Palatine
43%
Tinley Park
43%
Buffalo Grove
29%
Crystal Lake
29%
DeKalb
29%
Glenview
29%
Hoffman Estates
29%
Moline
29%
Bartlett
14%
Plainfield
14%
No matching quizzes found
Score Distribution
Percent of People with Each Score
Percentile by Number Answered
Your Score History
You have not taken this quiz